00807nam a2200205 a 450000100100000000500170001000800410002702000150006804000250008310000290010824500790013726000720021630000280028849000300031650400330034671000630037983000370044295201050047999900170058400004110220201002034624.0130917s1997 sp 000 0 spa d a8400076877 aDO-SdBNPbspacBNPHU1 aCobo Parra, Pedro96763510aControl activo del ruido :bprincipios y aplicaciones /cPedro Cobo Parra. aMadrid :bConsejo Superior de Investigaciones Científicas,c1997. a221 p. :bil. ;c28 cm.1 aTextos Universitariosv26 aBibliografía : p. 217 -2212 aConsejo Superior de Investigaciones Científicas,v967636 0aTextos Universitariosn26967637 001050718MOaGRbGRcCTd2013-09-17iLF1l0o p41102-10r2020-06-25w2020-06-25y1ZNo se presta c40592d40592